000 00586nam a2200217 a 4500
005 20210219153248.0
008 991125n 000 0 spa u
035 _aUPN01000086779
100 _aMIAGCHENKOV, S.
222 _aEDUCACION (CUBA)
245 _aLa mañana comienza con una sonrisa : la experiencia de nuestros amigos
300 _a75-78
362 _a1980 Año 10, no. 37, abr.-jun.
653 0 _aCONDUCTA
653 0 _aEDUCACION PRIMARIA
653 0 _aETICA
653 0 _aRELACIONES HUMANAS
653 0 _aURBANIDAD
904 _aAC
_b024590
905 _aArticulo
999 _c72422
_d72422